000
00335nam a22001457a 4500
020
_a
978-9388043168
041
_a
ENG
100
_a
Gabb.M.H
245
_a
A Handbook of Laboratory Solutions
260
_a
New Delhi
_b
Scientific Publishers
_c
2013
300
_a
116
650
_a
M.Tech
700
_a
Latchem.W.E
856
_u
M.Tech ( 7 )
999
_c
1028
_d
1028